000 00658nam a2200157 a 4500
005 20140414131853.0
008 100807s19uu xx 00 eng d
050 _aM 591.59
_bG36 1991
100 _aGaneri, Anita, 1961
245 _aAnimal talk /
_cby Anita Ganeri ; illustrated by Kate Taylor.
260 _aNew York :
_bAladdin Books Ltd,
_c1991.
520 _aIntroduces the many different ways in which animals communicate with each other including different sounds, scents, movement and color, in a question and answer format.
650 _aAnimal communicataion
_xMiscellanea
_xJuvenile Literature
650 _aQuestions and answers
999 _c110290
_d110290